Impulso nervioso /

Experimentos que muestran la función de los impulsos. Medición del impulso nervioso. Teoría de las membranas.

Guardado en:
Autor Corporativo: Videopedia Britannica.
Formato: Deslizar
Materias:
Etiquetas: Agregar Etiqueta
Sin Etiquetas, Sea el primero en etiquetar este registro!
LEADER 00834ngm a22002415g 4500
001 CEM.cems021574
008 130507b199?##################0###0#####d
005 20240828172847.0
245 1 0 |a Impulso nervioso /  |c Videopedia Britannica 
300 |a 22 
500 |a En soporte VHS, consultar en ventanilla. 
520 |a Experimentos que muestran la función de los impulsos. Medición del impulso nervioso. Teoría de las membranas. 
538 |a Soporte: VHS - Norma: Pal N - Color - Compra CEMS - Hitachi=0890 
110 2 |a Videopedia Britannica. 
082 6 1 |. 8/VID 
653 |a ANATOMIA 
653 |a FISIOLOGIA 
653 |a SISTEMA NERVIOSO 
653 |a IMPULSO NERVIOSO 
653 |a BIOLOGIA 
653 |a MEMBRANAS 
653 |a NIVEL SECUNDARIO 
859 |a CEMS  |b BIB. CEMS - Depto. Recursos Didacticos  |h 611.8  |i VID  |k DRD  |p 217.12  |t Ej.1